It looks like you're offline.
Open Library logo
additional options menu

MARC record from Internet Archive

LEADER: 01773cam 2200517Mi 4500
001 ocm59418839
003 OCoLC
005 20210130234034.0
008 050424s2000 onca c 000 0 eng d
040 $aUKV3G$beng$cUKV3G$dBAKER$dYDXCP$dOCLCF$dOCLCO$dOCL$dOCLCQ$dOCLCO$dUKMGB
015 $aGBA0Z3728$2bnb
016 7 $a010984992$2Uk
019 $a43418267
020 $a0889682437
020 $a9780889682436
035 $a(OCoLC)59418839$z(OCoLC)43418267
082 04 $a738.2094245$221
100 1 $aWillie, Alf.
245 14 $aThe Charlton standard catalogue of Coalport collectables /$cAlf Willie.
250 $aMillennium ed.
260 $aToronto, Ont. :$bCharlton ;$aLinton :$bBook Systems Plus,$c2000.
300 $a250 pages :$billustrations ;$c23 cm
336 $atext$btxt$2rdacontent
337 $aunmediated$bn$2rdamedia
338 $avolume$bnc$2rdacarrier
610 24 $aCoalport China Company.$vCatalogs.
650 0 $aCoalport porcelain$vCatalogs.
650 0 $aCottages in art.
650 7 $aCoalport porcelain.$2fast$0(OCoLC)fst00865684
650 7 $aCottages in art.$2fast$0(OCoLC)fst00880855
655 7 $aCatalogs.$2fast$0(OCoLC)fst01423692
938 $aBaker & Taylor$bBKTY$c19.95$d24.90$i0889682437$n0003798178$sactive$zB&T Title: Coalport Collectables
938 $aYBP Library Services$bYANK$n100195954
029 1 $aAU@$b000021322513
029 1 $aNOK$b0889682437
029 1 $aNZ1$b5505476
029 1 $aUKBCI$b010484116
029 1 $aUKBNS$b010484116
029 1 $aUKSCO$b010484116
029 1 $aUKSGC$b010484116
029 1 $aUKSOM$b010484116
029 1 $aUKTLS$b010484116
029 1 $aUNITY$b010484116
029 1 $aUKMGB$b010984992
994 $aZ0$bP4A
948 $hNO HOLDINGS IN P4A - 29 OTHER HOLDINGS